00360nam a2200121 a 4500008004100000050001600041100002100057245003900078246006500117260002700182300002000209350000900229120416s1976 ||||||||||||||||| || u aNA 2540 Pre aPreziosi, Donald10aArchitecture, language and meaning athe origins of the built world and its semiotic organization aNew YorkbMoutonc1976 ax, 122p. : ill. a0.00